000 00202 a2200097 4500
001 7860
100 _aCalder, R
245 _aMen against the frozen north
260 _a
_bAllen
_c
090 _c6306
_d6306
942 _aNUST-CAE
_cM
_c32830
999 _c242933
_d242933